00409nam a2200109Ia 4500008004100000245014800041260002900189260000900218300000600227650001300233856005300246170516s9999 xx 000 0 und d aAdverse Effects of Subchronic Dose of Aspirin on Reproductive Profile of Male Rats, Archana Vyas, Heera Ram, Ashok Purohit, and Rameshwar Jatwa bJournal of Pharmaceutics c2016 a: xPharmacy uhttps://www.hindawi.com/journals/jphar/contents/